[Event "Moscow Time of the First U11"]
[Site "Moscow"]
[Date "2019.06.19"]
[Round "4"]
[White "Maslovskiy, Vladimir1111"]
[Black "Nevskiy, Mikhail"]
[Result "1/2-1/2"]
[WhiteElo "1511"]
[BlackElo "1447"]
[PlyCount "118"]
[EventDate "2019.06.17"]
[EventType "swiss"]
[EventRounds "9"]
[EventCountry "RUS"]
[SourceTitle "EXT 2021"]
[Source "ChessBase"]
[SourceDate "2020.10.23"]
[SourceVersion "1"]
[SourceVersionDate "2020.10.23"]
[SourceQuality "1"]

1. e4 e5 2. Nf3 Nc6 3. Bc4 Bc5 4. c3 Nf6 5. d3 d6 6. Nbd2 Ne7 7. Nf1 c6 8. Bb3 Ng6 9. Ng3 d5 10. Qe2 0-0 11. 0-0 Re8 12. Bg5 Be6 13. Rfe1 h6 14. Bxf6 Qxf6 15. Nh5 Qe7 16. exd5 Bxd5 17. Bxd5 cxd5 18. d4 Bd6 19. dxe5 Nxe5 20. Nxe5 Qxe5 21. Qxe5 Rxe5 22. Rxe5 Bxe5 23. Re1 Bd6 24. Ng3 Rd8 25. Rd1 Bxg3 26. fxg3 f6 27. Kf2 Kf7 28. Rd4 Ke6 29. c4 Ke5 30. Ke3 Rd6 31. Rxd5+ Rxd5 32. cxd5 Kxd5 33. Kd3 h5 34. h3 g5 35. Ke3 Ke5 36. g4 h4 37. Kf3 Kd4 38. g3 hxg3 39. Kxg3 Ke3 40. h4 gxh4+ 41. Kxh4 Kf4 42. Kh5 Ke5 43. Kg6 Ke6 44. Kg7 Ke7 45. Kh7 Kd7 46. Kh6 Kd6 47. Kh7 Kd7 48. Kg8 Ke8 49. a3 a6 50. b4 b5 51. Kh7 Kd7 52. Kh6 Kd6 53. Kh5 Kd5 54. Kh4 Ke4 55. Kg3 Ke3 56. Kh4 Kf4 57. Kh5 Ke5 58. Kh6 Kd6 59. Kh7 Kd7 1/2-1/2